[Event "FIDE Candidates 2018"]
[Site "Berlin GER"]
[Date "2018.03.24"]
[Round "12"]
[White "Mamedyarov, Shakhriyar"]
[Black "Ding, Liren"]
[Result "0-1"]
[WhiteElo "2809"]
[BlackElo "2769"]
[PlyCount "86"]
[EventDate "2018.03.10"]

1. d4 Nf6 2. c4 e6 3. Nf3 d5 4. Nc3 c5 5. cxd5 Nxd5 6. e4 Nxc3 7. bxc3 cxd4 8.
cxd4 Bb4+ 9. Bd2 Bxd2+ 10. Qxd2 O-O 11. Bc4 Nd7 12. O-O b6 13. Rad1 Bb7 14.
Rfe1 Rc8 15. Bb3 Re8 16. h3 (16. Re3 Nf6 17. Qd3 b5 18. d5 exd5 19. e5 Ne4 20.
Qxb5 Qb6 21. Qxb6 axb6 {So,W (2788)-Dominguez Perez,L (2739) Saint Louis 2017})
16... Nf6 17. Qf4 Nh5 $146 (17... Qc7 18. Qh4 h6 19. Re3 b5 20. Ne5 a5 21. a4
bxa4 22. Bxa4 Red8 {Epishin,V (2574)-Del Rio de Angelis,S (2489) Calvia 2005})
18. Qh2 h6 19. Ne5 (19. d5 exd5 20. exd5 Rxe1+ 21. Nxe1 Qf6 22. Nd3 Ba6 23. Qe5
Bxd3 24. Qxh5 Bc2 {So,W (2799)-Kramnik,V (2800) Berlin GER 2018}) 19... Nf6 20.
Qf4 b5 21. Re3 (21. Nxf7 Kxf7 22. e5 a5 23. exf6 Qxf6 {is just equal.}) 21...
Rc7 22. Nd3 Rc3 23. Nc5 Rxe3 24. Qxe3 {After this trade Ding felt quite
comfortable.} (24. fxe3 Bc6 25. d5 e5 {Ding}) 24... Bc6 25. Rc1 Qb6 26. f3 Rd8
27. Kf2 a5 28. g4 a4 29. Bc2 (29. Bd1 $5 Qb8 30. Kg2 Qd6 {Mamedyarov} 31. Be2
$1 Qxd4 32. Qxd4 Rxd4 33. Nxe6) 29... Nd7 {Here Ding thought Black is already
better.} 30. Bd3 Nxc5 31. Rxc5 b4 32. Bc4 Bd7 33. g5 hxg5 34. Qxg5 Be8 35. Qe7
b3 $1 36. axb3 a3 $1 {Missed by Mamedyarov.} 37. b4 Ra8 38. d5 {Ding had
missed this, and said he was lucky he had 43...Qa7+.} a2 39. dxe6 a1=Q 40.
exf7+ Bxf7 41. Bxf7+ Kh7 42. Qh4+ Qh6 43. Rh5 Qa7+ $1 (43... Qd4+ $2 44. Kg2 {
is a draw in fact.}) 0-1

[Event "FIDE Candidates 2018"]
[Site "Berlin GER"]
[Date "2018.03.24"]
[Round "12"]
[White "Grischuk, Alexander"]
[Black "Aronian, Levon"]
[Result "1/2-1/2"]
[WhiteElo "2767"]
[BlackElo "2794"]
[PlyCount "108"]
[EventDate "2018.03.10"]

1. e4 e5 2. Nf3 Nc6 3. Bb5 a6 4. Ba4 Nf6 5. O-O Be7 6. Re1 b5 7. Bb3 O-O 8. d3
d6 9. Bd2 (9. c3 Na5 10. Bc2 c5 11. h3 Re8 12. d4 Nd7 13. d5 Bf8 {Alekseev,E 
(2616)-Kovalev,V (2639) Tallinn 2018}) 9... Kh8 $146 (9... Bg4 10. h3 Bxf3 11.
Qxf3 Nd4 12. Qd1 a5 13. c3 Nxb3 14. axb3 Nd7 {Calzetta Ruiz,M (2317)-Atalik,E 
(2393) Turin 2006}) 10. h3 Nd7 11. Nc3 Na5 12. Nd5 Nxb3 13. axb3 Bb7 14. c4 f5
15. Ba5 Rc8 16. Rc1 bxc4 17. bxc4 fxe4 18. dxe4 Nc5 {Aronian thought this
should be "sufficient for equality."} 19. Bc3 {Grischuk thought this was the
critical moment, and he felt White is better here.} (19. b4 $5) ({He spent a
lot of time on} 19. Bb4 $5 Ne6 20. Nxe5 c5 21. Ba5 Qxa5 22. Ng6+ hxg6 23. Nxe7
Qc7 24. Nxg6+ Kg8 25. Nxf8 Rxf8 {but didn't like it.}) 19... Qe8 20. b4 Ne6 21.
Bd2 c6 22. Nxe7 Qxe7 23. Be3 ({After} 23. c5 dxc5 24. bxc5 Rcd8 {Grischuk
"couldn't find a way" to continue, which might be} 25. Re3 Nxc5 26. Qe2 Ne6 27.
Ba5) 23... c5 24. bxc5 Nxc5 25. Bxc5 Rxc5 26. Nd2 Bc8 27. Nf1 Be6 28. Ne3 Rc6
29. Qa4 Rfc8 30. Rb1 h6 31. Rb8 Rxc4 32. Rxc8+ Rxc8 33. Qxa6 Qc7 34. Rd1 Rd8
35. Qd3 Qc5 36. Kh2 Qc7 37. Kg1 Qc5 38. Rd2 Qc7 39. Qa3 Qe7 40. Rd1 Kh7 41. Qb4
Qc7 42. Rd3 Kg8 43. Qd2 Qe7 44. Kh2 Qf8 45. Kg1 Qe7 46. Qd1 Kh7 47. Rd2 Qf8 48.
Rd3 Qe7 49. Rd2 Qf8 50. Nf1 Rd7 51. Ng3 Qb8 52. Kh2 Qf8 53. Kg1 Qb8 54. Kh2 Qf8
1/2-1/2

[Event "FIDE Candidates 2018"]
[Site "Berlin GER"]
[Date "2018.03.24"]
[Round "12"]
[White "Karjakin, Sergey"]
[Black "Caruana, Fabiano"]
[Result "1-0"]
[WhiteElo "2763"]
[BlackElo "2784"]
[PlyCount "95"]
[EventDate "2018.03.10"]

1. e4 e5 2. Nf3 Nf6 3. Nxe5 d6 4. Nf3 Nxe4 5. Nc3 Nxc3 6. dxc3 Nc6 7. Be3 Be7
8. Qd2 Be6 9. O-O-O Qd7 ({In another top game Black decided to castle short
recently:} 9... a6 10. b3 h6 11. Be2 Qd7 12. Kb1 Bf6 13. Nd4 Nxd4 14. Bxd4 Bxd4
15. Qxd4 O-O 16. c4 Rfe8 17. Bf3 {but Black could not equalize in full, Anand,
V (2776)-Mamedyarov,S (2809) Moscow 2018}) 10. a3 h6 {A surprise for the first
player.} ({Karjakin expected} 10... a6) 11. Nd4 $146 {Technically speaking, a
novelty, although this is the most common move in the line.} ({Notably, the
predecessor is a game of Caruana's coach:} 11. Kb1 Rg8 12. Bd3 O-O-O 13. Qe2
Bf6 14. Bb5 Kb8 15. Rhe1 g5 16. Nd2 {with advantage for White in Kasimdzhanov,
R (2698)-Li,D (2488) Chengdu 2017}) 11... Nxd4 12. Bxd4 Rg8 ({With the pawn on
h6 it is not advisable to castle short at all.} 12... O-O {White will quickly
start pushing the g-pawn and the hook on h6 will give him a chance to quickly
open files against the opponent's king. [Karjakin's second Alexander
Riazantsev thought this might still have been better than the next move. - PD]}
) 13. Be2 ({White did not like} 13. c4 c5 14. Bc3 O-O-O {followed by d6-d5
with equality.}) 13... c5 {"I am not sure if this is best in this position." 
(Karjakin)} ({"Maybe I can just play"} 13... a6 {(Caruana)}) ({Or} 13... Qa4 $5
{(Karjakin)}) 14. Be3 d5 15. f4 O-O-O 16. Bf3 Bg4 {The most obvious and
logical move, but it has a flaw.} ({Instead Caruana suggested} 16... f5 17. Qf2
Qc7 18. Rd3 Rd7 19. Rhd1 Rgd8 20. h3 {which both players considered slightly
better for White.}) 17. Bxd5 $1 {"I think this is very interesting at least
from a practical point of view." (Karjakin) "Yeah, I should not have allowed
this. It becomes very difficult to play." (Caruana)} ({It is also practically
forced as if White allows the trade of the bishops with} 17. Qe2 Bxf3 18. Qxf3
{Black will easily level the chances after say} Qc6) 17... Bxd1 18. Rxd1 Qc7
19. c4 {For the exchange White has a pawn and the bishop pair. Especially
valuable is his light-squared bishop. It blocks the black rooks' way out while
at he same time exerts strong pressure on the opponent's position. Furthermore,
White has the obvious plan of advancing his kingside pawns and improving on
that part of the board.} Rge8 20. Qf2 b6 21. g4 Bf6 22. Kb1 {A useful,
prophylactic move which avoids any problems along the c1-h6 diagonal.} Rd7 23.
Rd3 {Not only defending the bishop in advance but also preparing further
improvement of the rook itself. It can be both useful for the kingside assault
or queenside attack after Rd3-b3 and a3-a4-a5.} g5 24. Ka2 $1 {Just in case,
avoiding the back-rank checks. Karjakin makes the most unpleasant moves for
his opponent, slowly but steadily improving everything. At the same time,
Caruana can clearly see he has nothing to do against this slow play.} Ree7 (
24... Rde7 {drops a pawn after} 25. fxg5 Bxg5 26. Bxg5 hxg5 27. Qf5+ Kb8 28.
Qxg5 {since} Qxh2 {fails tactically after} 29. Bxf7 $1 Rxf7 30. Rd8+ Rxd8 31.
Qxd8+ Kb7 32. Qd5+) 25. Qf3 Kd8 26. Bd2 Kc8 27. Qf1 $1 {With the threat Rd3-h3.
"I was very proud of this idea." (Karjakin)} Rd6 {Caruana decided to sacrifice
a second pawn in order to get some air for his pieces.} 28. fxg5 Bxg5 29. Bxg5
hxg5 30. Qf5+ Rdd7 (30... Qd7 31. Qxg5) 31. Qxg5 Qe5 ({Once more} 31... Qxh2 {
fails tactically after} 32. Qg8+ Kc7 (32... Rd8 33. Be6+ $1) 33. Qa8 $1 {
for example} Qxc2 34. Qxa7+ Kc8 35. Qa8+ Kc7 36. Qc6+ Kb8 37. Rh3 {and mate
follows.}) 32. Qh6 Kd8 ({On} 32... f6 {White intended to mount pressure with
the simple} 33. h4 {when "it is probably just lost." (Caruana)}) ({There is a
constant problem with the black king:} 32... Kc7 33. Qc6+ Kd8 34. Qa8+) 33. g5
Qd6 34. Qh8+ Re8 35. Qh4 ({Avoiding} 35. Qh3 Qf4 $1 ({Rather than} 35... Qg6 $2
36. Qxd7+ $1 Kxd7 37. Bxf7+ Qd6 38. Bxe8+) {But} 36. Rf3 {(Caruana) should be
winning as well.} (36. Bc6 Qxc4+ {(Karjakin)})) 35... Qg6 36. Qg4 {White can
combine the advance of the kingside pawns with threats against the opponent's
king. Caruana's rooks had a terrible destiny today; it was basically
outperformed by the gorgeous bishop on d5.} Re5 37. h4 Ke7 38. Rd2 (38. Qg3 Re2
39. Qb8 {would had won as well.}) 38... b5 {The last try in timetrouble, but
Karjakin calculated everything till the end.} 39. Bxf7 $1 Qf5 40. Rxd7+ Kxd7 ({
After} 40... Qxd7 {White has a choice between} 41. Qxd7+ ({And} 41. Qg3)) 41.
Qxf5+ Rxf5 42. g6 Ke7 43. cxb5 Rh5 44. c4 Rxh4 45. a4 Rg4 46. a5 Kd6 47. a6 {
With the threat b5-b6.} Kc7 48. Kb3 {Black resigned as the white king's march
towards his g-pawn cannot be stopped.} 1-0

[Event "FIDE Candidates 2018"]
[Site "Berlin GER"]
[Date "2018.03.24"]
[Round "12"]
[White "Kramnik, Vladimir"]
[Black "So, Wesley"]
[Result "1/2-1/2"]
[WhiteElo "2800"]
[BlackElo "2799"]
[PlyCount "84"]
[EventDate "2018.03.10"]

1. c4 e6 2. Nc3 d5 3. d4 Be7 4. cxd5 exd5 5. Bf4 c6 6. e3 Bf5 7. g4 Be6 8. Qb3
$146 (8. h4 Bxh4 9. Qb3 g5 10. Be5 f6 11. Bh2 Bxg4 12. Qxb7 Qe7 13. Qxe7+ Nxe7
14. Be2 Bxe2 15. Kxe2 Nd7 {Giri,A (2785)-So,W (2815) chess.com INT 2017}) 8...
Qb6 9. f3 g5 (9... Qxb3 10. axb3 Nd7 11. h4 {"and White has free play for
nothing." (Kramnik)} f5 12. g5) 10. Be5 f6 11. Bg3 Qxb3 12. axb3 h5 13. gxh5
Rxh5 (13... Nh6 14. Bd3 Nf5) 14. Bd3 Kf7 $6 (14... f5 15. h4 Nd7 {Kramnik}) 15.
h4 f5 16. Nh3 f4 (16... gxh4 17. Nf4 Rh6 18. Bf2) 17. exf4 Bxh3 (17... gxh4 18.
Ng5+ Bxg5 19. fxg5) 18. fxg5 Bd7 19. Kf2 Na6 20. Bxa6 (20. Rae1 Nb4 21. Bb1)
20... bxa6 21. Ne2 Bd8 22. Be5 (22. Nf4 Rh8 23. Nd3) 22... Ne7 23. Nf4 Rh7 24.
h5 Kg8 25. Rag1 (25. g6 Rh6 26. Rxa6 Bc8) 25... Nf5 26. h6 Be8 27. g6 Rxh6 28.
Rxh6 Nxh6 29. Rh1 Bg5 30. Ne6 Bxg6 31. Nxg5 Nf7 32. Ne6 (32. Nxf7 Kxf7 33. Ke3)
32... Nxe5 33. dxe5 Re8 34. Nf4 {Kramnik thought this was practically winning..
.} Bc2 $1 {...but had completely missed this move.} 35. Rg1+ (35. Rh5 Bxb3 36.
Nd3 d4) 35... Kf7 36. e6+ Kf6 37. Nh5+ Ke5 38. f4+ Kd6 39. Ng7 Rf8 40. Ke3 d4+
41. Kf3 Ke7 42. b4 Kf6 ({A possible line is} 42... Kf6 43. Ke2 Rh8 44. f5 Rh2+
45. Kf3 Rh6 46. Ne8+ Ke7 47. Nc7 Kf6 48. Ne8+) 1/2-1/2

[Event "FIDE Candidates 2018"]
[Site "Berlin GER"]
[Date "2018.03.26"]
[Round "13"]
[White "Mamedyarov, Shakhriyar"]
[Black "Grischuk, Alexander"]
[Result "1-0"]
[WhiteElo "2809"]
[BlackElo "2767"]
[PlyCount "77"]
[EventDate "2018.03.10"]

1. d4 Nf6 2. Nf3 g6 3. g3 Bg7 4. Bg2 O-O 5. O-O d5 6. c4 dxc4 7. Na3 c3 8. bxc3
c5 9. Re1 Nc6 10. Bb2 Nd5 11. Qc2 (11. e4 Nb6 12. Rb1 Bg4 13. d5 Ne5 14. c4 e6
15. Qb3 Bxf3 16. Bxf3 exd5 17. exd5 Re8 {Meier,G (2647)-Van Wely,L (2656)
chess.com INT 2018}) 11... cxd4 $146 (11... Nb6 12. Rad1 Bf5 13. e4 Bg4 14. h3
Bxf3 15. Bxf3 Qc8 16. Bg2 e6 {Dreev,A (2652)-Puranik,A (2509) Bastia 2017}) 12.
Nxd4 Nf6 $1 {"After this Black is OK but I played a bit stupidly." (Grischuk)}
13. Nxc6 bxc6 14. c4 Bf5 15. Qc1 Qc7 16. Nc2 Rab8 17. Bc3 {Grischuk had missed
that White is threatening 18.Nb4 here.} Bxc2 18. Qxc2 Ne8 19. h4 c5 20. Red1
Bxc3 21. Qxc3 Nf6 22. Bf3 h5 23. Rab1 Rxb1 24. Rxb1 Rb8 25. Rb5 Ne8 (25... a6
26. Qa5 {Grischuk}) 26. Qe3 Rxb5 27. cxb5 Nd6 (27... c4 $5 {Grischuk}) 28. a4
c4 29. Kg2 (29. Qc3 Qc5) 29... c3 30. Bc6 Qa5 (30... a6 31. Qxc3 axb5 32. axb5
Nxb5 {is an immediate draw, but that was equally valuable as a loss for
Grischuk.}) 31. Qc5 a6 32. e4 axb5 33. axb5 Kh7 34. e5 Nxb5 $2 (34... Nf5 {
still draws.} 35. Be4 e6) 35. e6 $1 {Suddenly White is winning in all lines.}
Qa3 36. Qxb5 c2 37. exf7 Kg7 38. Be4 c1=Q 39. Qe8 1-0

[Event "FIDE Candidates 2018"]
[Site "Berlin GER"]
[Date "2018.03.26"]
[Round "13"]
[White "Ding, Liren"]
[Black "Kramnik, Vladimir"]
[Result "1/2-1/2"]
[WhiteElo "2769"]
[BlackElo "2800"]
[PlyCount "94"]
[EventDate "2018.03.10"]

1. c4 e6 2. Nc3 c5 3. Nf3 Nf6 4. g3 b6 5. e4 Bb7 6. d3 d6 7. Bg2 g6 8. O-O Bg7
9. Re1 O-O (9... e5 10. d4 Nc6 11. dxe5 dxe5 12. Nd5 Nd7 13. Bh3 Nf8 14. Qa4
Ne6 {Cordova,E (2606)-Terry,R (2492) Lima 2018}) 10. d4 cxd4 11. Nxd4 a6 12. b3
Nbd7 13. Ba3 $146 (13. Bb2 Qc7 14. Re2 Rad8 15. Qe1 Qb8 16. Rd1 Nc5 17. f3 Rfe8
18. Kh1 {½-½ Portisch,L (2655)-Spassky,B (2615) Mexico City 1980}) 13... Nc5
14. b4 Ncd7 15. b5 {Kramnik seemed to suggest this was a positional mistake 
("let's put it this way, unusual") He thought he was better here.} Ne8 (15...
Ne5 16. Qb3 Rc8 {Kramnik} 17. Rad1 Nxc4 18. e5 {Ding}) 16. Rc1 Ne5 17. Qe2 axb5
18. Ndxb5 g5 {"Totally came as a surprise." (Ding) "A typical Hedgehog idea" 
(Kramnik) to cement the knight on e5 with g5-g4.} (18... Rc8 19. Red1 Nxc4 20.
Bb4 {Ding}) 19. h3 $6 (19. Red1 {should give White at least a slight edge.})
19... f5 {"I thought it was almost gone." (Kramnik)} 20. exf5 Bxg2 21. Kxg2
Rxa3 $1 {Ouch. From this point, Ding can only hope for a draw.} 22. Nxa3 Qa8+
23. Qe4 Qxa3 24. fxe6 Nf6 25. Qe2 Qa8+ 26. f3 h5 27. e7 Re8 28. Ne4 g4 29. hxg4
hxg4 30. fxg4 Nfxg4 $6 ({Black should won slowly with} 30... Rxe7 31. g5 {
and now} Nfd7 $1 ({and not} 31... Nxe4 32. Qxe4 {as Kramnik suggested})) 31.
Qd1 $1 Bh6 32. Rc3 Rxe7 $6 ({And here} 32... Kg7 33. Re2 Rxe7 34. Qd5 Qe8 {
was stronger.}) 33. Qd5+ Qxd5 34. cxd5 {The worst is over for Ding, who
manages to avoid any further danger now.} Ra7 35. Re2 Nf7 36. Kh3 Nge5 37. Nxd6
Nxd6 38. Rxe5 Bg7 39. Rg5 Ne4 40. Rc8+ Kh7 41. Rh5+ Kg6 42. Rh4 Ng5+ 43. Kg2
Rxa2+ 44. Kf1 Ra1+ 45. Ke2 Ra2+ 46. Kf1 Ra1+ 47. Ke2 Ra2+ 1/2-1/2

[Event "FIDE Candidates 2018"]
[Site "Berlin GER"]
[Date "2018.03.26"]
[Round "13"]
[White "So, Wesley"]
[Black "Karjakin, Sergey"]
[Result "1/2-1/2"]
[WhiteElo "2799"]
[BlackElo "2763"]
[PlyCount "77"]
[EventDate "2018.03.10"]

1. d4 Nf6 2. c4 e6 3. Nc3 Bb4 4. Qc2 d5 5. a3 Bxc3+ 6. Qxc3 Ne4 7. Qc2 c5 8.
dxc5 Nc6 9. Nf3 Qa5+ 10. Bd2 Qxc5 11. e3 Nxd2 12. Nxd2 dxc4 13. b4 $146 (13.
Bxc4 O-O 14. b4 Qe7 15. Bd3 h6 16. Qc3 a6 17. O-O Bd7 18. Nc4 Rab8 19. Nb6 Rfd8
20. Rac1 Be8 21. Be4 Na7 22. a4 Qd6 23. Nc4 Qe7 24. Nb6 Qd6 25. Nc4 Qe7 26. Nb6
Qd6 {1/2-1/2 (26) Giri,A (2784)-Adams,M (2737) London 2015}) 13... Qf5 14. Qxf5
exf5 15. Bxc4 Ke7 16. Nf3 Be6 17. Bxe6 fxe6 18. Ke2 Rhc8 19. Rhc1 Nd8 20. Ne5
Nf7 21. Nxf7 Kxf7 22. e4 Kf6 23. Ke3 g5 24. g3 h5 25. h3 g4 26. hxg4 hxg4 27.
f3 gxf3 28. Kxf3 Ke5 29. exf5 exf5 30. Re1+ Kf6 31. Rac1 Rxc1 32. Rxc1 Rd8 33.
Rc7 Rd3+ 34. Kf4 Rxa3 35. Rxb7 Ra4 36. Rb5 a5 37. Rxf5+ Kg7 38. Rg5+ Kf6 39.
Rf5+ 1/2-1/2

[Event "FIDE Candidates 2018"]
[Site "Berlin GER"]
[Date "2018.03.27"]
[Round "14"]
[White "Karjakin, Sergey"]
[Black "Ding, Liren"]
[Result "1/2-1/2"]
[WhiteElo "2763"]
[BlackElo "2769"]
[PlyCount "90"]
[EventDate "2018.03.10"]

1. e4 e5 2. Nf3 Nc6 3. Bb5 a6 4. Ba4 Nf6 5. O-O Be7 6. d3 b5 7. Bb3 d6 8. a3
O-O 9. Nc3 Bg4 10. Be3 Nd4 11. Bxd4 exd4 12. Nd5 c5 (12... Nxd5 13. Bxd5 Rc8
14. Bc6 Bf6 15. a4 Rb8 16. h3 Be6 17. axb5 axb5 {Caruana,F (2799)-Aronian,L 
(2805) London 2017}) 13. a4 Be6 14. Nxf6+ Bxf6 15. Bxe6 fxe6 16. Qe2 Qd7 17. b3
e5 $146 (17... Qc7 18. Rfe1 Be5 19. g3 h6 20. Nh4 Qf7 21. Ng2 Bf6 22. Ra2 e5 {
Motylev,A (2687)-Eljanov,P (2732) Poikovsky 2014}) 18. Ra2 b4 19. Nd2 Rae8 20.
Raa1 Bd8 21. g3 g5 22. Nc4 Re6 23. a5 Ref6 24. f3 h5 25. Nb6 Qf7 26. Kg2 h4 27.
Nd5 $2 ({White should continue} 27. gxh4 gxh4 28. Nc4 Bc7 {and now} 29. Kh1 $1
{is fine because} Rxf3 30. Nd2 {is good for White.}) 27... h3+ $1 {Winning a
pawn.} 28. Kg1 (28. Kxh3 g4+) 28... Rxf3 29. g4 $1 {Luckily for Karjakin he
has this move, which ends up saving him the game.} Kg7 30. Rxf3 Qxf3 31. Qxf3
Rxf3 32. Rf1 Rxf1+ 33. Kxf1 Bxa5 34. Ne7 Kf6 35. Nf5 Ke6 36. Ng3 Bd8 37. Nh1 a5
38. Ke2 d5 39. Nf2 Kd6 40. exd5 Kxd5 41. Ne4 Kc6 42. Kd2 Be7 43. Kc1 Kb5 44.
Kb2 a4 45. Ka2 a3 1/2-1/2

[Event "FIDE Candidates 2018"]
[Site "Berlin GER"]
[Date "2018.03.27"]
[Round "14"]
[White "Kramnik, Vladimir"]
[Black "Mamedyarov, Shakhriyar"]
[Result "1/2-1/2"]
[WhiteElo "2800"]
[BlackElo "2809"]
[PlyCount "108"]
[EventDate "2018.03.10"]

1. d4 Nf6 2. Nf3 e6 3. c4 d5 4. g3 Be7 5. Bg2 O-O 6. O-O dxc4 7. Ne5 Qd6 8. Na3
Rd8 (8... Nbd7 9. Naxc4 Qa6 10. b3 Nd5 11. Bb2 Rd8 12. Qc2 Nb4 13. Qe4 Rb8 {
Khismatullin,D (2609)-Alekseenko,K (2570) Sochi 2016}) 9. Naxc4 Qa6 10. Qc2
$146 (10. Qb3 Rxd4 11. Bf4 Nbd7 12. Rac1 c6 13. Rfd1 Rxd1+ 14. Rxd1 h6 15. e4
Nb6 {So,W (2674)-Ljubojevic,L (2572) Amsterdam 2010}) 10... Rxd4 11. Bg5 Nbd7
12. Rfd1 Rxd1+ 13. Rxd1 Nxe5 14. Nxe5 Qa5 15. Bf4 Nd5 16. Be4 g6 17. Bh6 Qc5
18. Qd2 Qb4 19. Qc2 Qc5 20. Qd3 Qd6 21. Nc4 Qc5 22. Qf3 c6 23. Bd3 Nf6 24. e4
e5 25. Be3 Qb4 26. Nxe5 Qxb2 27. Bf4 Be6 28. Rb1 Qxa2 29. Rxb7 Bc5 30. Kg2 Re8
31. h3 ({The relatively simple} 31. Bg5 Nh5 32. Nxc6 {is good for White.})
31... Bxf2 $1 32. Qxf2 Bxh3+ 33. Kg1 Qxf2+ 34. Kxf2 Rxe5 35. Bxe5 Ng4+ 36. Kg1
Nxe5 37. Be2 Kg7 38. Rxa7 Kf6 39. Ra5 Bd7 40. Kf2 Ke6 41. Ke3 Kd6 42. Ra1 h5
43. Rd1+ Ke7 44. Kd4 f6 45. Kc5 Bh3 46. Ra1 Bg2 47. Ra4 Ke6 48. Rd4 Nf3 49. Rd8
Ng5 50. Bc4+ Ke7 51. Rg8 Nxe4+ 52. Kxc6 Nd6+ 53. Kc5 Nxc4 54. Kxc4 Kf7 1/2-1/2